Geometric topology : Joint U.S.-Israel Workshop on Geometric Topology, June 10-16, 1992, Technion, Haifa, Israel

Αποθηκεύτηκε σε:
Λεπτομέρειες βιβλιογραφικής εγγραφής
Συγγραφή απο Οργανισμό/Αρχή: Joint U.S.-Israel Workshop on Geometric Topology Technion, Haifa, Israel
Άλλοι συγγραφείς: Gordon, Cameron 1945- (Επιμελητής έκδοσης), Moriah, Yoav 1952- (Επιμελητής έκδοσης), Wajnryb, Bronislaw 1946-
Μορφή: Πρακτικό Συνεδρίου Βιβλίο
Γλώσσα:English
Δημοσίευση: Providence, R.I. : American Mathematical Society, c1994
Σειρά:Contemporary mathematics (American Mathematical Society) ; ; 164
Θέματα:
Ετικέτες: Προσθήκη ετικέτας
Δεν υπάρχουν, Καταχωρήστε ετικέτα πρώτοι!

MARC

LEADER 00000nam a2200000 i 4500
001 1/74485
008 990503s1994 eng d
020 |a 0-8218-5182-9 
035 |l 10049082 
040 |a GR-MY-UA  |b gre  |e aacr 
041 0 |a eng 
082 0 |a 514.2 
111 2 |a Joint U.S.-Israel Workshop on Geometric Topology  |d (1952  |c Technion, Haifa, Israel. 
245 1 0 |a Geometric topology :  |b Joint U.S.-Israel Workshop on Geometric Topology, June 10-16, 1992, Technion, Haifa, Israel /  |c Cameron Gordon, Yoav Moriah, Bronislaw Wajnryb, editors 
260 |a Providence, R.I. :   |b American Mathematical Society,   |c c1994 
300 |a xiv, 246 p.;  |b ill.;  |c 26 cm. 
490 1 |a Contemporary mathematics  |v ; 164 
500 |a Includes bibliographical references 
650 0 0 |a Low-dimensional topology  |x Congresses. 
700 1 |a Gordon, Cameron  |d 1945-  |4 edt 
700 1 |a Moriah, Yoav  |d 1952-  |4 edt 
700 1 |a Wajnryb, Bronislaw  |d 1946- 
830 0 |a Contemporary mathematics (American Mathematical Society) ;  |v ; 164 
852 |a INST  |b SAMOS  |e 19990503  |h 514.2 JOI  |p 005300012786  |q 005300012786  |t BK  |y 0 
901 |a BIBL-1999-2 
909 |a Σ  |b 063665 
922 |a 3ΕΛΗ  |b 199901  |c ΚΠΣ  |d GLORY 
950 |a 116-1998-08-10